| 000 | 01936nam a2200493 i 4500 | ||
|---|---|---|---|
| 001 | 195970 | ||
| 003 | ES-MaACL | ||
| 005 | 20250728223737.0 | ||
| 008 | 240804s2007 sp a 000 0 spa d | ||
| 017 |
_aS-811-2007 _bOficina Depósito Legal Salamanca |
||
| 020 | _a9788480146883 | ||
| 024 | _a311060560 | ||
| 035 | _aCSIC001176936 | ||
| 035 | _a(ES-MaCSI)001176936MAD01-Aleph | ||
| 035 | _a(OCoLC)1123744992 | ||
| 035 | _a(IEO)000016935 | ||
| 035 | _a990011769360204201 | ||
| 040 |
_aES-MaCSI _bspa _cES-MaACL |
||
| 080 | _a502.74 | ||
| 080 | _a599.5 | ||
| 080 | _a598.13 | ||
| 245 | 1 | 0 |
_aTodos por la mar / _cdirigido por Erika Urquiola y Ricardo Sagarminaga. |
| 260 |
_aMadrid : _bMinisterio de Medio Ambiente, Organismo Autónomo Parques Nacionales, _c2007. |
||
| 300 |
_a291 p. : _bil. col., mapas. ; _c25 cm. + _e1 disco compacto. |
||
| 336 |
_2rdacontent _atexto |
||
| 337 |
_2rdamedia _asin mediación |
||
| 338 |
_2rdacarrier _avolumen |
||
| 490 | 1 | _aNaturaleza y Parques Nacionales. Serie técnica | |
| 500 | _aProyecto LIFE "Conservación de cetáceos y tortugas en Murcia y Andalucía" | ||
| 504 | _aBibliografía | ||
| 594 | 1 | _aPrecede al tít.: Sociedad Española de Cetáceos (SEC) | |
| 650 | 0 |
_aCetáceos- _xConservación- _zMediterráneo _2CSICAU _9237746 |
|
| 650 | 0 |
_aTortugas marinas- _zMediterráneo- _xConservación _2CSICAU _9237747 |
|
| 700 |
_aUrquiola, Erika _9237748 _epbl |
||
| 700 |
_aSagarminaga, Ricardo _9237749 _eedt |
||
| 710 |
_aSociedad Española de Cetáceos (SEC) _9237750 |
||
| 830 | 0 |
_aNaturaleza y parques nacionales _9237751 |
|
| 852 |
_aES-MaACL _cDEPOJ _jN-9102 _hDonación: María Pelles _xEncuadernación cartoné _9205001 |
||
| 903 |
_aPelles, María _ednr |
||
| 942 |
_cMONOGRAFIA _n0 |
||
| 999 |
_c195970 _d195970 |
||